000 00337nam a2200109Ia 4500
008 230822s1999 xx 000 0 und d
041 _aeng
100 _aWILHIDE E. & MORANT D. S.
245 _aKITCHEN BOOK,A COMPREHENSIVE SOURCE BOOK & GUIDE TO PLANNING FITTING,EQUIPPING YOUR KITCHEN
260 _bCONRON OCTOPUS
_c1999
300 _a224
999 _c855562
_d855562